01129nam a2200241 a 4500008004100000020001500041050001300056100002100069245026100090260004000351300002100391350000900412490003200421650001600453650006000469650007700529700001900606700002400625710001500649995008600664999001700750952012000767120416s1996 ||||||||||||||||| || u a0821337092 aIBRD(08) aTrigo Edawardo J10aInstitutional change and effective financing of agricultural research in Latin America:findings of a workshop organized by Inter-American Development Bank and the World Bank, Buenos Aires, August 1995creuben G. Echeverria; Edwardo J. Trigo; Derek Byerlee aWashington, D. C.bWorld Bankc1996 axii, 34p. : ill. a0.00 aWorld Bank Technical Papers aAGRICULTURE aAGRICULTURE--RESEARCH--LATIN AMERICA--FINANCE--CONGRESS aNATIONAL AGRICULTURAL RESEARCH SYSTEMS--LATIN AMERICA--FINANCE--CONGRESS aByerlee, Derek aEcheverria, Ruben G aWorld Bank D0.00FCBU-MAIN LIBRARY (Kitwe)H1I0.00M1UAVAILABLEZInternational Publications c47068d47068 00102lcc4070a001b001cInternational Publicationsd2022-11-30l0oIBRD(08)p019411r2022-11-30w2022-11-30y002